000 00712cam a2200229 a 4500
008
020 _a9781408100721 (pbk.)
049 _aMAIN
090 _aHF5415.1265
_bHOL
100 1 _aHolden, Philip R.
245 1 0 _aVirtually free marketing :
_bharnessing the power of the Web for your small business /
_cPhilip R. Holden.
260 _aLondon :
_bA. & C. Black,
_c2008.
300 _axi, 257 p. :
_bill. ;
_c20 cm.
500 _aIncludes index.
650 0 _aInternet marketing.
650 0 _aSmall business marketing.
907 _a.b10373925
_b02-06-16
_c01-06-16
003
005 20230123122218.0
040 _cNUST
942 _cBOOKS
_kHF5415.1265
_mHOL
999 _c129754
_d129754